Study of some machine variables on structure & properties of polyester viscose blended mjs-spun yarns (Record no. 79511)

MARC details
000 -LEADER
fixed length control field 00378nam a2200133Ia 4500
008 - FIXED-LENGTH DATA ELEMENTS--GENERAL INFORMATION
fixed length control field 230917s9999||||xx |||||||||||||| ||und||
040 ## - CATALOGING SOURCE
-- 93167
Original cataloging agency VIVEKANANDA LIBRARY
041 ## - Language
-- English
082 ## - DDC NUMBER
Classification number 677 M729S
100 ## - MAIN ENTRY--PERSONAL NAME
Personal name Moitra, Kourshik
245 #0 - TITLE STATEMENT
Title Study of some machine variables on structure & properties of polyester viscose blended mjs-spun yarns
300 ## - PHYSICAL DESCRIPTION
Pages 51 p.
942 ## - ADDED ENTRY ELEMENTS (KOHA)
Koha item type Thesis
Holdings
Withdrawn status Lost status Damaged status Not for loan Location (home branch) Sublocation or collection (holding branch) Shelving location Date acquired Koha issues (times borrowed) Koha full call number Accession No. Koha date last seen Koha item type
        VIVEKANANDA LIBRARY VIVEKANANDA LIBRARY Reference 19/06/2003   677 M729S 155805 17/09/2023 Thesis
© Designed and Maintained by Vivekananda Library, MDU Rohtak